=LDR 00000nam 2200000 4500 =001 INLIS000000000054220 =005 20191219093632 =035 ##$$a 0010-1219000004 =007 ta =008 191219###########################0#ind## =020 ##$$a 978-979-25-4738-2 =082 ##$$a 371.2 =084 ##$$a 371.2 MUL k =100 #$$a Mulyono =245 1#$$a Konsep pembiayaan pendidikan /$c Mulyono, MA. =260 ##$$a Yogyakarta :$b Ar Ruzz Media,$c 2010 =300 ##$$a 294 hlm. ; $c 21 cm. =650 ##$$a Pembiayaan Pendidikan =990 ##$$a 17681768 =990 ##$$a 02201901768